000 00580nmc a2200217 a 4500
003 AR-X00000XY
005 20251128212017.0
008 117020s1948 ||||||||||||||000 | spa||
040 _cAR-X00000XY
100 1 _aMansfield, Katherine
245 1 0 _aDiario
250 _a2ª ed.
260 _aBarcelona
_bJosé Janés, Editor
_c1948
300 0 _a218 p.
490 0 _aManantial que no cesa
_v68
500 0 _aCon firma y anotaciones manuscritas de Alejandra Pizarnik
655 _aLITERATURA
700 1 _aAndreis, Ester de
_etraductor
942 _cBK
998 _cmartin
999 _c22053
_d22053